000 00651cam a2200241 a 4500
999 _c5235
_d5235
001 5235
003 BD-JhCC
005 20171211100535.0
008 890524s1989 enk | |||| ||eng|
020 _a0023958103
035 _a(BD-JhCC) 5235
040 _aBD-JhCC
_dBD-JhCC
041 _aeng
082 _a338.5
_bPIN 1989
100 1 _aPindyck, Robert S.
245 1 0 _aMicroeconomics /
_cRobert S. Pindyck, Daniel L. Rubinfeld.
260 _aNew York :
_bMacmillan ;
_aLondon :
_bCollier Macmillan,
_cc1989.
300 _axx,668p ;
_c25cm.
650 0 _aMicroeconomics.
700 1 _aRubinfeld, Daniel L.
942 _2ddc
_cBK